|
|
|
|
| LEADER |
00000nam0a2200000 4500 |
| 001 |
287050 |
| 005 |
20231101235942.0 |
| 020 |
|
|
|a RU
|b 85-69556
|
| 035 |
|
|
|a (RuTPU)RU\TPU\book\311420
|
| 090 |
|
|
|a 287050
|
| 100 |
|
|
|a 20150312d1985 k y0rusy5003 ca
|
| 101 |
0 |
|
|a rus
|
| 102 |
|
|
|a RU
|
| 105 |
|
|
|a a z 001zy
|
| 200 |
1 |
|
|a Водоохлаждаемый свод электродуговой печи
|f О. М. Сосонкин, В. А. Кудрин
|
| 210 |
|
|
|a Москва
|c Металлургия
|d 1985
|
| 215 |
|
|
|a 144 с.
|c ил.
|
| 225 |
1 |
|
|a Проблемы сталеплавильного производства
|
| 320 |
|
|
|a Библиогр.: с. 141-144
|
| 606 |
|
|
|a Сталеплавильные печи электрические дуговые
|x Тепловой режим
|2 stltpush
|3 (RuTPU)RU\TPU\subj\56220
|9 74134
|
| 610 |
1 |
|
|a электродуговые печи
|
| 610 |
1 |
|
|a своды
|
| 610 |
1 |
|
|a водяное охлаждение
|
| 610 |
1 |
|
|a стойкость
|
| 610 |
1 |
|
|a эксплуатация
|
| 610 |
1 |
|
|a сравнительные данные
|
| 610 |
1 |
|
|a теплообмен
|
| 610 |
1 |
|
|a энергозатраты
|
| 610 |
1 |
|
|a тепловые потери
|
| 675 |
|
|
|a 669.187.2
|z rus
|v 3
|
| 700 |
|
1 |
|a Сосонкин
|b О. М.
|g Олег Михайлович
|
| 701 |
|
1 |
|a Кудрин
|b В. А.
|g Виктор Александрович
|
| 801 |
|
0 |
|a RU
|b RuMRKP
|c 19950704
|g psbo
|
| 801 |
|
1 |
|a RU
|b 63413507
|c 20150312
|
| 801 |
|
2 |
|a RU
|b 63413507
|c 20171122
|g RCR
|
| 942 |
|
|
|c BK
|